| 000 | 00531nam a22001817a 4500 | ||
|---|---|---|---|
| 003 | OSt | ||
| 005 | 20180116183107.0 | ||
| 008 | 171017b xxu||||| |||| 00| 0 eng d | ||
| 020 | _a9780262533522 | ||
| 040 | _c0 | ||
| 082 | _a330 SUN 2017 | ||
| 100 | _aArun Sundararajan | ||
| 245 |
_aThe Sharing Economy _bThe End of Employment and The Rise of Crowd-Based Capitalism _cArun Sundararajan |
||
| 260 |
_aLondon _bThe MIT Press _c2017 |
||
| 300 |
_a240p. _bPB |
||
| 440 | _aThe Sharing Economy | ||
| 942 |
_2ddc _cBK _k330 SUN 2017 |
||
| 999 |
_c352102 _d352102 |
||